| 000 | 00561nam a2200193 a 4500 | ||
|---|---|---|---|
| 999 |
_c1461 _d1461 |
||
| 008 | 200103t2006 xxk||||g |||| 00| 0 eng d | ||
| 020 |
_a9780763734084 _c$. 49.95 |
||
| 040 |
_aKO _beng |
||
| 041 | 0 | _aeng | |
| 082 | 0 | 4 |
_223 _a628.925 _bB1711 |
| 100 | 1 | _aBaker, Charles J. | |
| 245 | 1 | 0 |
_aFire Fighter's Handbook of Hazardous Materials / _cCharles J. Baker |
| 250 | _a7th ed. | ||
| 260 |
_aLondon : _bJones and Bartlett Publishers, _c2006. |
||
| 300 |
_ax , 494 p. : _c23 cm |
||
| 650 | 0 |
_aFire extinction _vHandbooks, manuals, etc |
|
| 942 | _cBK | ||